Normal view
MARC view
Entry Topical Term
001 - CONTROL NUMBER
- control field: 36765
003 - CONTROL NUMBER IDENTIFIER
- control field: ARRUPE
005 - DATE AND TIME OF LATEST TRANSACTION
- control field: 20171006111926.0
008 - FIXED-LENGTH DATA ELEMENTS
- fixed length control field: 171006|| aca||aabn | a|a d
040 ## - CATALOGING SOURCE
- Original cataloging agency: ARRUPE
- Transcribing agency: ARRUPE
150 ## - HEADING--TOPICAL TERM
- Topical term or geographic name as entry element: Russia
- General subdivision: Politics and government
- Chronological subdivision: 1689-1800
670 ## - SOURCE DATA FOUND
- Source citation: Work cat.: (ARRUPE)0: Raeff, Marc. 36763, Origins of the Russian intelligentsia;, 1966